Search the Library Catalogue
| 000 -LEADER | |
|---|---|
| fixed length control field | 00688nam a2200217Ia 4500 |
| 008 - FIXED-LENGTH DATA ELEMENTS--GENERAL INFORMATION | |
| fixed length control field | 191130s2002##################000#0#eng## |
| 020 ## - INTERNATIONAL STANDARD BOOK NUMBER | |
| ISBN | 748613226 |
| 082 ## - DEWEY DECIMAL CLASSIFICATION NUMBER | |
| Classification number | 330.938 SCH |
| 245 ## - TITLE STATEMENT | |
| Title | The ancient economy |
| Statement of responsibility, etc | edited by Walter Scheidel and Sitta von Reden |
| 260 ## - PUBLICATION, DISTRIBUTION, ETC. (IMPRINT) | |
| Place of publication | Edinburgh |
| Name of publisher | Edinburgh Univeristy Press |
| Year of publication | 2002 |
| 300 ## - PHYSICAL DESCRIPTION | |
| Number of Pages | xxi, 282 p.: ill., maps ; 24 cm |
| 500 ## - GENERAL NOTE | |
| General note | Includes bibliographical references (p. 272-278) and and index |
| 650 ## - SUBJECT ADDED ENTRY--TOPICAL TERM | |
| Topical Term | Economic history - To 500 |
| 700 ## - ADDED ENTRY--PERSONAL NAME | |
| Personal name | Scheidel, Walter |
| Personal name | Von Reden, Sitta |
| 991 ## - | |
| -- | 52111 |
| Withdrawn status | Lost status | Damaged status | Not for loan | Home library | Current library | Shelving location | Date acquired | Full call number | Accession Number | Price effective from | Koha item type |
|---|---|---|---|---|---|---|---|---|---|---|---|
| Anna Centenary Library | Anna Centenary Library | 4TH FLOOR, A WING | 15.10.2020 | 330.938 SCH | 373087 | 15.10.2020 | English Books |